Thermodynamics / (Record no. 3731)

MARC details
000 -LEADER
fixed length control field 01396pam a2200349 a 4500
001 - CONTROL NUMBER
control field 4032482
003 - CONTROL NUMBER IDENTIFIER
control field OSt
005 - DATE AND TIME OF LATEST TRANSACTION
control field 20160425143018.0
008 - FIXED-LENGTH DATA ELEMENTS--GENERAL INFORMATION
fixed length control field 980109s1999 maua b 001 0 eng
010 ## - LIBRARY OF CONGRESS CONTROL NUMBER
LC control number 98010720
020 ## - INTERNATIONAL STANDARD BOOK NUMBER
International Standard Book Number 0070683050 (acid-free paper)
020 ## - INTERNATIONAL STANDARD BOOK NUMBER
International Standard Book Number 0073038482 (computer disk)
020 ## - INTERNATIONAL STANDARD BOOK NUMBER
International Standard Book Number 0075618141 (text with EES problems disk)
020 ## - INTERNATIONAL STANDARD BOOK NUMBER
International Standard Book Number 007561815X (text with EES demo disk)
040 ## - CATALOGING SOURCE
Original cataloging agency DLC
Transcribing agency DLC
Modifying agency DLC
050 00 - LIBRARY OF CONGRESS CALL NUMBER
Classification number QC311
Item number .W3 1999
082 00 - DEWEY DECIMAL CLASSIFICATION NUMBER
Classification number 530
Edition number 21
Item number WAR 1999
100 1# - MAIN ENTRY--PERSONAL NAME
Personal name Wark, Kenneth,
Dates associated with a name 1927-
9 (RLIN) 8238
245 10 - TITLE STATEMENT
Title Thermodynamics /
Statement of responsibility, etc. Kenneth Wark, Jr., Donald E. Richards.
250 ## - EDITION STATEMENT
Edition statement 6th ed.
260 ## - PUBLICATION, DISTRIBUTION, ETC. (IMPRINT)
Place of publication, distribution, etc. Boston :
Name of publisher, distributor, etc. WCB McGraw-Hill,
Date of publication, distribution, etc. 1999.
300 ## - PHYSICAL DESCRIPTION
Extent xix, 1164 p. :
Other physical details ill. ;
Dimensions 24 cm.
504 ## - BIBLIOGRAPHY, ETC. NOTE
Bibliography, etc Includes bibliographical references (p. 1025-1026) and index.
538 ## - SYSTEM DETAILS NOTE
System details note System requirements for accompanying computer disk: IBM PC or compatible; Windows 3.1 or higher.
650 #0 - SUBJECT ADDED ENTRY--TOPICAL TERM
Topical term or geographic name as entry element Thermodynamics.
9 (RLIN) 8239
700 1# - ADDED ENTRY--PERSONAL NAME
Personal name Richards, Donald E.
9 (RLIN) 8240
856 42 - ELECTRONIC LOCATION AND ACCESS
Materials specified Publisher description
Uniform Resource Identifier http://www.loc.gov/catdir/description/mh024/98010720.html
856 41 - ELECTRONIC LOCATION AND ACCESS
Materials specified Table of contents
Uniform Resource Identifier http://www.loc.gov/catdir/toc/mh023/98010720.html
906 ## - LOCAL DATA ELEMENT F, LDF (RLIN)
a 7
b cbu
c orignew
d 1
e ocip
f 19
g y-gencatlg
942 ## - ADDED ENTRY ELEMENTS (KOHA)
Source of classification or shelving scheme Dewey Decimal Classification
Koha item type Short Loan
Holdings
Withdrawn status Lost status Source of classification or shelving scheme Damaged status Not for loan Home library Current library Date acquired Inventory number Total Checkouts Full call number Barcode Date last seen Price effective from Koha item type
    Dewey Decimal Classification     MUST Main Library MUST Main Library 25/04/2016 2001/15794   530 WAR 1999 2016-1260 25/04/2016 25/04/2016 Short Loan